[Event "Yoel Geva YTGM"]
[Site "Tel Aviv ISR"]
[Date "2009.08.16"]
[Round "7"]
[White "Raznikov,D"]
[Black "Nabaty,T"]
[Result "1-0"]
[WhiteElo "2270"]
[BlackElo "2504"]

1.d4 d5 2.Nf3 c6 3.c4 dxc4 4.e3 Be6 5.Qc2 Nf6 6.Bxc4 Bxc4 7.Qxc4 Qa5+ 8.Nbd2 e6
9.O-O Be7 10.a3 Nbd7 11.b4 Qd5 12.Qc2 a5 13.e4 Qh5 14.bxa5 Qxa5 15.a4 O-O
16.Nb3 Qh5 17.Ba3 Bxa3 18.Rxa3 e5 19.a5 exd4 20.Nfxd4 Qe5 21.f3 c5 22.Nb5 Rfc8
23.Qc4 Qf4 24.Qc1 Qe5 25.Qc4 Qe7 26.Rb1 Ne5 27.Qc3 Ra6 28.Nd2 c4 29.Nd4 Rd8
30.Rb5 g6 31.Nc2 Re6 32.Ra2 Nd3 33.Ne3 Rc6 34.Nexc4 Nf4 35.Qe5 Qxe5 36.Rxe5 Rd4
37.Rb5 Ne2+ 38.Kf2 Nc3 39.a6 Nxb5 40.axb7 Nd7 41.Ra8+ Kg7 42.Rd8 Na3 43.b8=Q Nxb8
44.Rxd4 Nc2 45.Rd8 Na6 46.Ne5 Rc7 47.Ndc4 Nc5 48.Nd6 Ne6 49.Rb8 Re7 50.Ne8+ Kf8
51.Nf6+ Kg7 52.Nfd7 Rxd7 53.Nxd7 Ncd4 54.h4 h5 55.g3 Nc6 56.Ra8 Ned4 57.Ke3 Nc2+
58.Kd3 Ne1+ 59.Ke2 Nc2 60.g4 N2d4+ 61.Ke3 Nc2+ 62.Kf2 hxg4 63.fxg4 N2d4 64.g5 Ne6
65.Re8 Ncd4 66.Ke3 Nc2+ 67.Kd3 Ne1+ 68.Ke2 Nc2 69.Nf6 Nf8 70.Rd8 Nb4 71.Ke3 Nc6
72.Rc8 Ne5 73.Kd4 Ned7 74.Nxd7 Nxd7 75.Rc7 Nf8 76.Re7 Kg8 77.Kd5 Kg7 78.Kd6  1-0

[Event "5th FIDE GP"]
[Site "Jermuk ARM"]
[Date "2009.08.17"]
[Round "8"]
[White "Alekseev,Evgeny"]
[Black "Kasimdzhanov,R"]
[Result "1/2-1/2"]
[WhiteElo "2714"]
[BlackElo "2672"]

1.d4 d5 2.Nf3 Nf6 3.c4 c6 4.Qb3 dxc4 5.Qxc4 Bg4 6.Nbd2 Nbd7 7.g3 e6 8.Bg2 Be7
9.O-O O-O 10.Ne5 Bh5 11.Nxd7 Nxd7 12.Ne4 Qb6 13.b3 a5 14.e3 Qa6 15.Qxa6 Rxa6
16.Bd2 Ba3 17.Bc3 Bg6 18.Rad1 Rfa8 19.Rd2 Rb6 20.Rfd1 Bxe4 21.Bxe4 a4 22.bxa4 Rxa4
23.Bc2 Ra8 24.Bb3 Bb4 25.Bxb4 Rxb4 26.Rc2 Kf8 27.Kg2 Nf6 28.Kf3 Ke7 29.h3 Rd8
30.Rc5 Ne8 31.Ra5 Nd6 32.Rc1 Rb5 33.Rxb5 Nxb5 34.g4 h6 35.h4 Ra8 36.Rc5 Na3
37.Ke2 Kd6 38.f4 b6 39.Rc1 c5 40.dxc5+ bxc5 41.Kd3 c4+ 42.Bxc4 Nxc4 43.Rxc4 Rxa2
44.Ke4 Rh2 45.h5 Rh4 46.Kf3 f5 47.gxf5 exf5 48.e4 fxe4+ 49.Rxe4 Rxh5 50.Kg4 Rh1
51.f5 Rg1+ 52.Kf4 h5 53.Re6+ Kd5 54.Re5+ Kd6 55.Re6+ Kd7 56.Re2 h4 57.Rh2 Ke7
58.Rxh4 g5+ 59.fxg6 Rxg6 60.Ke4  1/2-1/2

[Event "9th Open"]
[Site "Brasschaat BEL"]
[Date "2009.08.21"]
[Round "7"]
[White "Bomans,A"]
[Black "Penson,T"]
[Result "0-1"]
[WhiteElo "2102"]
[BlackElo "2245"]

1.d4 c6 2.Nf3 Nf6 3.c4 d5 4.Qc2 e6 5.Nbd2 Nbd7 6.g3 Be7 7.Bg2 O-O 8.O-O c5
9.Rd1 b6 10.e4 Bb7 11.exd5 exd5 12.dxc5 bxc5 13.cxd5 Bxd5 14.Nc4 h6 15.Bf4 Qc8
16.Nh4 Bxg2 17.Nxg2 Nb6 18.Nge3 Qe6 19.Re1 Rfe8 20.Nxb6 axb6 21.Nf5 Qd7 22.Rad1 Qb7
23.Be5 Qc6 24.Bc3 Bf8 25.Bxf6 Qxf6 26.Rxe8 Rxe8 27.a4 g6 28.Ne3 Qf3 29.Qd3 Bg7
30.Qd5 Re4 31.Rd2 Bd4 32.Nf1 Kh7 33.b4 Rf4 34.Qxf3 Rxf3 35.bxc5 Bxc5 36.Ne3 Rxe3
37.fxe3 Bxe3+ 38.Rf2 Kg7 39.Kf1 Bxf2 40.Kxf2 Kf6 41.Ke3 Ke5 42.h4 f5 43.h5 g5
44.Kf3 Kd4  0-1

[Event "XXVI Open A"]
[Site "Collado Villalba ESP"]
[Date "2009.08.21"]
[Round "1"]
[White "Hernandez Gallardo,F"]
[Black "Sanchez Carvajal,N"]
[Result "1-0"]
[WhiteElo "2352"]
[BlackElo "1989"]

1.Nf3 d5 2.d4 Nf6 3.c4 c6 4.Qc2 e6 5.g3 Be7 6.Bg2 Nbd7 7.O-O O-O 8.Nbd2 Re8
9.e4 dxe4 10.Nxe4 Nxe4 11.Qxe4 Nf6 12.Qe2 Qc7 13.Bf4 Bd6 14.Bg5 Nd7 15.c5 Be7
16.Bf4 Qd8 17.b4 a6 18.a4 Nf6 19.b5 Nd5 20.bxc6 bxc6 21.Ne5 Nxf4 22.gxf4 Bb7
23.Rab1 Qc7 24.Rb6 Rab8 25.Rfb1 Bf8 26.Qb2 Re7 27.Bxc6 f6 28.Nd3 Bxc6 29.Rxb8 Qd7
30.Nb4 Be4 31.Re1 f5 32.Qc3 Qa7 33.Rb6 Rc7 34.a5 Qa8 35.Re3 Rb7 36.f3 Bd5
37.Nxd5 exd5 38.Qb3 Rf7 39.Re5 g5 40.Qxd5 Qc8 41.Rf6  1-0

[Event "24th Open"]
[Site "Schwarzach AUT"]
[Date "2009.08.21"]
[Round "7"]
[White "Platzgummer,F"]
[Black "Starostits,I"]
[Result "0-1"]
[WhiteElo "2308"]
[BlackElo "2482"]

1.d4 d5 2.c4 dxc4 3.Nf3 c6 4.e3 Be6 5.Qc2 Nf6 6.Bxc4 Bxc4 7.Qxc4 Qa5+ 8.Nbd2 Qa6
9.b3 e6 10.O-O Qxc4 11.bxc4 c5 12.Ne5 Nbd7 13.Nd3 Rc8 14.Bb2 cxd4 15.exd4 Be7
16.Rfe1 Nb6 17.Rac1 O-O 18.Rc2 Rfd8 19.Rec1 h6 20.Kf1 Rc7 21.Ne5 Nfd7 22.Nef3 Nb8
23.Nb3 Nc6 24.Re2 Nb4 25.a3 Nd3 26.c5 Na4  0-1

[Event "9th Open"]
[Site "Brasschaat BEL"]
[Date "2009.08.22"]
[Round "8"]
[White "Sadkowsky,D"]
[Black "Vandenbussche,T"]
[Result "1/2-1/2"]
[WhiteElo "2277"]
[BlackElo "2282"]

1.d4 d5 2.c4 c6 3.Nf3 Nf6 4.Nbd2 Bf5 5.Nh4 Be4 6.e3 e6 7.Nhf3 Nbd7 8.Nxe4 dxe4
9.Nd2 e5 10.Nb1 Bd6 11.Nc3 O-O 12.Be2 Qe7 13.O-O Rad8 14.Qc2 exd4 15.exd4 c5
16.d5 Rde8 17.g3 h6 18.Be3 Nh7 19.Rae1 f5 20.f4 exf3 21.Bxf3 Ne5 22.Bg2 Ng4
23.Bf2 Qg5 24.Nb5 Qh5 25.h3 Rxe1 26.Rxe1 Nxf2 27.Qxf2 Bb8 28.d6 a6 29.Nc7 Nf6
30.Qxc5 Rd8 31.Qe5 f4 32.Bd5+ Kh7 33.Qxh5 Nxh5 34.Ne6 Rxd6 35.Nf8+ Kh8 36.Re8 Ba7+
37.Kg2 Nf6 38.Ng6+ Kh7 39.Nf8+ Kh8 40.Ng6+  1/2-1/2

[Event "BDO Premier"]
[Site "Haarlem NED"]
[Date "2009.08.23"]
[Round "9"]
[White "Mas,H"]
[Black "Khenkin,I"]
[Result "1-0"]
[WhiteElo "2391"]
[BlackElo "2634"]

1.d4 d5 2.Nf3 c6 3.c4 dxc4 4.Nc3 e6 5.a4 Bb4 6.e3 b5 7.Nd2 Qb6 8.Qg4 g6 9.Qg5 f6
10.Qf4 Bb7 11.Nde4 Nd7 12.Nd6+ Ke7 13.Nxb7 Qxb7 14.Bd2 Kf7 15.Be2 Ne7 16.O-O Nd5
17.Qh6 Bf8 18.Qh3 Rd8 19.e4 Nxc3 20.bxc3 Nc5 21.e5 Nb3 22.Qf3 f5 23.Ra2 Qd7
24.Be3 a5 25.g4 h5 26.gxf5 gxf5 27.Qh3 h4 28.Kh1 Be7 29.Rd1 Qc7 30.f4 Qc8
31.Bf3 b4 32.Be2 Qa6 33.Qf1 c5 34.Bxc4 Qc6+ 35.Qg2 Qxg2+ 36.Rxg2 cxd4 37.cxd4 Nc5
38.Rdg1 Nxa4 39.Rg7+ Kf8 40.Bxe6 Ke8 41.d5 Rf8 42.d6 Bxd6 43.exd6 Rxd6 44.Bb3  1-0

[Event "5th Geller Mem Open A"]
[Site "Odessa UKR"]
[Date "2009.08.23"]
[Round "4"]
[White "Aliferenko,A"]
[Black "Bogatyrev,Sergei"]
[Result "0-1"]
[WhiteElo "2206"]
[BlackElo "2285"]

1.d4 d5 2.Nf3 Nf6 3.c4 c6 4.Qc2 dxc4 5.Qxc4 Bf5 6.g3 e6 7.Bg2 Be7 8.O-O O-O
9.Nc3 h6 10.Ne5 Nbd7 11.e4 Bh7 12.Nxd7 Nxd7 13.Be3 Rc8 14.Rfd1 Qc7 15.a4 Qa5
16.Bd2 Bb4 17.Nb1 c5 18.Bxb4 Qxb4 19.Qxb4 cxb4 20.Nd2 Rfd8 21.f3 Rc2 22.a5 Kf8
23.b3 Nb8 24.Nc4 Rc3 25.Bf1 Rxf3 26.Bg2 Rxb3 27.d5 Rc3 28.Ne5 exd5 29.Ra4 Re8
30.Rxd5 Rc1+ 31.Bf1 Bxe4 32.Rb5 Rxe5 33.Rxe5 Bd3 34.Re3 Bxf1 35.Rxb4 Nc6
36.Rbe4 Bd3+ 37.Re1 Rxe1+ 38.Rxe1 Nxa5 39.Rd1 Bb5  0-1

[Event "XXVI Open A"]
[Site "Collado Villalba ESP"]
[Date "2009.08.26"]
[Round "6"]
[White "Solaesa Navalpotro,L"]
[Black "Alcaraz Amoros,A"]
[Result "1/2-1/2"]
[WhiteElo "2223"]
[BlackElo "2135"]

1.d4 c6 2.c4 d5 3.Nf3 Nf6 4.Qc2 Bg4 5.Ne5 Bh5 6.cxd5 Qxd5 7.e3 e6 8.Nc3 Bb4
9.a3 Bxc3+ 10.bxc3 Nbd7 11.Nxd7 Qxd7 12.f3 O-O 13.e4 Qc7 14.Bd3 Nd7 15.Be3 e5
16.O-O f6 17.f4 Bg6 18.Kh1 c5 19.dxe5 fxe5 20.f5 Bf7 21.Qf2 c4 22.Be2 Nf6
23.Bf3 b6 24.g4 Be8 25.Qh4 Bc6 26.g5 Ne8 27.Bg2 Rd8 28.Rf3 Rd6 29.Raf1 Qb7
30.Rh3 g6 31.f6 Rf7 32.Qg4 Bd7 33.Qg3 Bxh3 34.Bxh3 Qxe4+ 35.Bg2 Qd3 36.Qxe5 Nc7
37.Bd4 Re6 38.Qf4 h5 39.h4 Qe2 40.Rf2 Qg4 41.Qxg4 hxg4 42.Kh2 Re1 43.Kg3 Rd7
44.Kxg4 Kf7 45.h5 Ne6 46.Bc6 Rg1+ 47.Kh4 Rxd4+ 48.cxd4 Rxg5 49.hxg6+ Rxg6
50.Bd5 Rxf6 51.Re2 b5 52.a4 a6 53.axb5 axb5 54.Re5 c3 55.Bb3 b4 56.Kg4 c2
57.Bxc2 Nxd4  1/2-1/2

[Event "XI Sants Open"]
[Site "Barcelona ESP"]
[Date "2009.08.27"]
[Round "7"]
[White "Matnadze,A"]
[Black "Cuartas,Ja"]
[Result "0-1"]
[WhiteElo "2413"]
[BlackElo "2521"]

1.d4 d5 2.Nf3 Nf6 3.c4 c6 4.g3 Bg4 5.Bg2 e6 6.O-O Nbd7 7.Nc3 Be7 8.Qb3 Qb6
9.c5 Qxb3 10.axb3 O-O 11.b4 a6 12.Nd2 e5 13.dxe5 Nxe5 14.Nb3 Nc4 15.h3 Be6
16.f4 a5 17.bxa5 Nd7 18.Na4 Nxa5 19.Nxa5 Rxa5 20.b4 Ra7 21.Bb2 Rfa8 22.Nc3 Rxa1
23.Rxa1 Rxa1+ 24.Bxa1 b6 25.cxb6 Nxb6 26.b5 d4 27.Nd1 c5 28.Kf2 Bd7 29.Bc6 Bxh3
30.Kf3 h5 31.Nf2 Be6 32.e3 dxe3 33.Kxe3 f6 34.Ne4 Kf7 35.Bc3 g5 36.Kf2 Nc4
37.Nd2 gxf4 38.gxf4 Nxd2 39.Bxd2 Bd8 40.Be3 Bb6 41.Kg3 Bg4 42.Be4 Ke6 43.Bc6 Kd6
44.Kh4 Ba5 45.Bf2 c4 46.Be4 f5 47.Bc2 Bd8+ 48.Kg3 Kc7 49.Bc5 Kb7 50.Bd4 h4+
51.Kh2 Bc7 52.Be3 Bb6 53.Bd2 Bf2 54.Kg2 Bd4 55.Be1 h3+ 56.Kh2 Be3 57.Bg3 Kb6
58.Ba4 Ka5  0-1

[Event "6th Open"]
[Site "Kalamaria GRE"]
[Date "2009.08.29"]
[Round "9"]
[White "Iotov,V"]
[Black "Arun Prasad,S"]
[Result "1-0"]
[WhiteElo "2603"]
[BlackElo "2556"]

1.d4 d5 2.c4 c6 3.Nf3 Nf6 4.Nbd2 e6 5.g3 Nbd7 6.Bg2 Bd6 7.O-O O-O 8.Qc2 Re8
9.Rd1 Qe7 10.e4 dxe4 11.Nxe4 Nxe4 12.Qxe4 e5 13.Bg5 Qf8 14.Qc2 h6 15.Be3 exd4
16.Nxd4 Nf6 17.Nf5 Be5 18.Rab1 Ng4 19.Bd4 Bxf5 20.Qxf5 Bxd4 21.Rxd4 Nf6 22.Qa5 Red8
23.Rbd1 Rxd4 24.Rxd4 Qe7 25.Bf3 c5 26.Rd3 b6 27.Qa4 Rc8 28.Kg2 Rc7 29.h4 Rd7
30.Re3 Qd8 31.b4 Rd2 32.bxc5 Qd4 33.Re2 Rxe2 34.Bxe2 g5 35.hxg5 hxg5 36.Bf3 g4
37.Bb7 bxc5 38.Qxa7 Kg7 39.Qa4 Qd2 40.Bc6 Ng8 41.Qa7 Nf6 42.Qxc5  1-0

[Event "2nd WTeam w"]
[Site "Ningbo CHN"]
[Date "2009.09.03"]
[Round "2"]
[White "Rajlich,I"]
[Black "Hoang Thi Bao Tram"]
[Result "1/2-1/2"]
[WhiteElo "2465"]
[BlackElo "2265"]

1.d4 d5 2.c4 c6 3.Nf3 Nf6 4.Qb3 dxc4 5.Qxc4 Bf5 6.g3 g6 7.Bg2 Bg7 8.O-O Nbd7
9.Qb3 Nb6 10.Ng5 O-O 11.e4 Bc8 12.e5 Nfd5 13.Nc3 f6 14.Nge4 fxe5 15.dxe5 Bxe5
16.Be3 Bg4 17.Ng5 e6 18.Nxd5 exd5 19.h3 Bc8 20.Rad1 Nc4 21.Bc1 Qb6 22.Rxd5 Qxb3
23.axb3 cxd5 24.Bxd5+ Kg7 25.bxc4 h6 26.Re1 Bf6 27.Ne4 Re8 28.Rd1 Bxh3 29.Nxf6 Kxf6
30.Be3 Be6 31.Bxb7 Rad8 32.Rc1 Re7 33.Bf3 g5 34.b4 Rc7 35.c5 Rd3 36.b5 Rb3
37.Bd4+ Kf5 38.Bc6 Rd3 39.Be3 a6 40.Re1 axb5 41.Bxb5 Rb3 42.Ba4 Rxe3 43.Bc2+ Kf6
44.Rxe3 Rxc5  1/2-1/2

[Event "6th LGA Premium Cup"]
[Site "Nuernberg GER"]
[Date "2009.09.03"]
[Round "1"]
[White "Hertneck,G"]
[Black "Herning,J"]
[Result "1-0"]
[WhiteElo "2513"]
[BlackElo "2084"]

1.d4 d5 2.c4 c6 3.Nf3 Nf6 4.Qc2 e6 5.g3 Nbd7 6.Bg2 Bd6 7.O-O O-O 8.Bf4 Qc7
9.Bxd6 Qxd6 10.Rd1 b6 11.Nbd2 Bb7 12.e4 Nxe4 13.Nxe4 dxe4 14.Qxe4 Rfd8 15.Qc2 Rac8
16.Rac1 h6 17.c5 Qc7 18.Re1 Re8 19.Re3 Qb8 20.Nd2 e5 21.Bh3 Rcd8 22.Nf3 bxc5
23.dxc5 Nf6 24.Rce1 Rd5 25.Bg2 Nd7 26.Rc3 Nf6 27.Nd2 Rd4 28.Nc4 g6 29.Nd6 Re7
30.Rb3 Rxd6 31.cxd6 Qxd6 32.Rd1 Qe6 33.Rd8+ Kg7 34.Qc5 e4 35.Rxb7  1-0

[Event "4th Xtracon Skovbo"]
[Site "Borup DEN"]
[Date "2009.09.04"]
[Round "1"]
[White "Battaglini,G"]
[Black "Rausis,I"]
[Result "1/2-1/2"]
[WhiteElo "2360"]
[BlackElo "2525"]

1.d4 d5 2.c4 dxc4 3.Nf3 c6 4.Nc3 b5 5.e3 e6 6.a4 b4 7.Nb1 Ba6 8.Nbd2 c3 9.bxc3 bxc3
10.Ne4 Qa5 11.Bxa6 Nxa6 12.O-O Nf6 13.Qd3 Nxe4 14.Qxe4 Nb4 15.Ba3 Qd5 16.Qb1 a5
17.Rc1 c2 18.Qb2 Bd6 19.Bxb4 axb4 20.Qxc2 O-O 21.Qxc6 Ra5 22.e4 Qxc6 23.Rxc6 Rd8
24.Nd2 Ra7 25.Nb3 h5 26.a5 Kf8 27.e5 Be7 28.Kf1 Ke8 29.Ke2 Kd7 30.Rac1 Rda8
31.Kd3 Bd8 32.a6 Be7 33.Rb6 Rxa6 34.Rb7+ Ke8 35.Rcc7 Bf8 36.Rxf7 Ra3 37.Kc4 Rc8+
38.Rfc7 Rxc7+ 39.Rxc7 Ra2 40.Nc5 Rc2+ 41.Kxb4 Rxf2 42.Kb5 Rb2+ 43.Kc6 Rc2
44.Rc8+ Kf7 45.Kd7 Bxc5 46.Rxc5 Rxg2 47.d5 Rd2 48.d6 Rxh2 49.Rc1 Rf2 50.Kc8 g5
51.d7 Rd2 52.Rc7 Kg6 53.Rc6 Kf5 54.Rd6 Rc2+ 55.Kb7 Rb2+ 56.Kc7 Rc2+ 57.Kb6 Rb2+
58.Kc5 Rb8 59.d8=Q Rxd8 60.Rxd8 Kxe5 61.Kc4 Ke4 62.Kc3 h4 63.Kd2 Kf3 64.Ke1 e5
65.Kf1 e4 66.Rf8+ Kg3 67.Re8 Kf3 68.Rf8+ Kg3 69.Kg1 g4 70.Re8 Kf3 71.Kh2 e3
72.Rf8+ Ke2 73.Kg2 Ke1 74.Re8 e2 75.Rd8 h3+ 76.Kg1 g3 77.Rd7 h2+ 78.Kg2 h1=Q+
79.Kxh1 g2+ 80.Kg1  1/2-1/2

[Event "TCh-SRB 1st League"]
[Site "Kragujevac SRB"]
[Date "2009.09.05"]
[Round "5"]
[White "Arsovic,G"]
[Black "Lajthajm,B"]
[Result "1/2-1/2"]
[WhiteElo "2439"]
[BlackElo "2480"]

1.d4 d5 2.c4 c6 3.Nf3 Nf6 4.Qc2 e6 5.Bg5 h6 6.Bxf6 Qxf6 7.e3 Nd7 8.Nc3 Bb4
9.a3 Bxc3+ 10.Qxc3 O-O 11.Bd3 dxc4 12.Bxc4 c5 13.O-O cxd4 14.Qxd4 Qxd4 15.Nxd4 Nf6
16.Rfd1 Bd7 17.Bb3 Rfc8 18.Rac1 Kf8 19.f3 Ke7  1/2-1/2

[Event "ch-RUS HL"]
[Site "Ulan Ude RUS"]
[Date "2009.09.09"]
[Round "7"]
[White "Landa,K"]
[Black "Burmakin,V"]
[Result "1-0"]
[WhiteElo "2655"]
[BlackElo "2599"]

1.d4 d5 2.c4 c6 3.Nf3 Nf6 4.Qb3 e6 5.Bg5 Nbd7 6.Nc3 Be7 7.e3 O-O 8.Bd3 a6
9.O-O h6 10.Bh4 Ne8 11.Bg3 Bd6 12.Rac1 Bxg3 13.hxg3 Qe7 14.Bb1 Nef6 15.e4 dxe4
16.Nxe4 Nxe4 17.Bxe4 c5 18.Rfd1 cxd4 19.Rxd4 Nf6 20.Bb1 Qc7 21.Qe3 Rd8 22.Qe5 Qe7
23.Rcd1 Rxd4 24.Qxd4 Bd7 25.Ne5 Be8 26.Qb6 Rc8 27.b4 Qc7 28.Qd4 a5 29.a3 axb4
30.axb4 Ra8 31.Bc2 Ra2 32.Rd2 Kf8 33.g4 b5 34.c5 Nd5 35.g3 Qa7 36.Kh2 Qa3
37.c6 Qa7 38.Bb3 Qxd4 39.Rxd4 Ra7 40.Bxd5 exd5 41.Rxd5 f6 42.Nd7+ Ke7 43.Rxb5 Ra2
44.Rb7 Kd6 45.b5 Rxf2+ 46.Kg1 Rf3 47.Kg2 Rc3 48.Nb8 g6 49.Nd7 f5 50.gxf5 gxf5
51.Nf6 Bxc6+ 52.bxc6 Rxc6 53.Nh5  1-0

[Event "ch-RUS HL"]
[Site "Ulan Ude RUS"]
[Date "2009.09.10"]
[Round "8"]
[White "Shimanov,A"]
[Black "Khairullin,I"]
[Result "1-0"]
[WhiteElo "2508"]
[BlackElo "2604"]

1.d4 d5 2.c4 c6 3.Nf3 dxc4 4.e3 Be6 5.Nc3 Nf6 6.Ng5 Qc8 7.e4 b5 8.Be2 Bg4
9.e5 Bxe2 10.Qxe2 h6 11.exf6 hxg5 12.fxg7 Bxg7 13.Bxg5 Qe6 14.Qxe6 fxe6 15.O-O-O Na6
16.Ne4 Rd8 17.Be3 Nb4 18.Nc5 Kf7 19.a3 Nd5 20.Bg5 e5 21.dxe5 Bxe5 22.h4 c3
23.bxc3 Nxc3 24.Rxd8 Rxd8 25.Kc2 Bd4 26.Nb3 Bh8 27.Re1 Nd5 28.Nc5 a5 29.Re4 a4
30.g4 Rb8 31.Bd2 Bg7 32.h5 Rh8 33.f3 Nc7 34.Ba5 Nd5 35.Ne6 Ra8 36.Bd2 b4
37.Ng5+ Ke8 38.Bxb4 Bf6 39.Ne6 Nxb4+ 40.Rxb4 Kf7 41.Nc5 Ra5 42.Rc4 e6 43.Nxa4 Be7
44.Kb3 Rb5+ 45.Ka2 Ra5 46.Kb3 Rb5+ 47.Kc2 Bxa3 48.Rxc6 Rb4 49.Nc3 Kf6  1-0

[Event "FSIMB September"]
[Site "Budapest HUN"]
[Date "2009.09.11"]
[Round "7"]
[White "Kahn,E"]
[Black "Shao Shuai"]
[Result "1/2-1/2"]
[WhiteElo "2245"]
[BlackElo "2149"]

1.d4 d5 2.c4 c6 3.Nf3 Nf6 4.g3 e6 5.Bg2 Nbd7 6.O-O Bd6 7.Qc2 O-O 8.Rd1 a6
9.Nbd2 Qe7 10.e4 dxe4 11.Nxe4 Nxe4 12.Qxe4 Rb8 13.Ne5 c5 14.Nxd7 Bxd7 15.Be3 Rfd8
16.dxc5 Bxc5 17.Qe5 Bxe3 18.Qxe3 Bc6 19.Bxc6 bxc6 20.b3 h6 21.Qf3 Qc5 22.Rxd8+ Rxd8
23.Rd1 Rxd1+ 24.Qxd1 Qe5 25.a4 c5 26.a5 Qc3 27.Qd8+ Kh7 28.Qb6 Qe1+ 29.Kg2 Qe4+
30.Kg1  1/2-1/2

[Event "4th Xtracon Skovbo"]
[Site "Borup DEN"]
[Date "2009.09.12"]
[Round "8"]
[White "Jakobsen,Ol"]
[Black "Molvig,H"]
[Result "1/2-1/2"]
[WhiteElo "2344"]
[BlackElo "2171"]

1.d4 d5 2.Nf3 Nf6 3.c4 c6 4.Qc2 e6 5.Nbd2 Be7 6.g3 O-O 7.Bg2 Nbd7 8.O-O b6
9.b3 Bb7 10.Bb2 Rc8 11.Rad1 c5 12.dxc5 Bxc5 13.Qb1 Qe7 14.cxd5 exd5 15.e3 Ne4
16.Nd4 f5 17.Nxe4 dxe4 18.Bh3 g6 19.Bg2 Ba6 20.Rfe1 Bb4 21.Bf1 Bxf1 22.Rxf1 Ne5
23.Rc1 Ba3 24.Rxc8 Rxc8 25.Rc1 Rxc1+ 26.Qxc1 Bxb2  1/2-1/2

[Event "TCh-SRB 1st League"]
[Site "Kragujevac SRB"]
[Date "2009.09.12"]
[Round "11"]
[White "Arsovic,G"]
[Black "Nadj Hedjesi,B"]
[Result "1/2-1/2"]
[WhiteElo "2439"]
[BlackElo "2454"]

1.d4 d5 2.c4 c6 3.Nf3 Nf6 4.Qc2 g6 5.Bf4 Bg7 6.e3 O-O 7.Bd3 dxc4 8.Bxc4 Bf5
9.Qb3 b5 10.Be2 Nbd7 11.O-O a6  1/2-1/2

[Event "7th ch-Mediterranean"]
[Site "Rijeka CRO"]
[Date "2009.09.12"]
[Round "3"]
[White "Abdel Razik,K"]
[Black "Paljusaj,E"]
[Result "1-0"]
[WhiteElo "2470"]
[BlackElo "2288"]

1.d4 d5 2.c4 c6 3.Nf3 Nf6 4.Qc2 a6 5.c5 g6 6.Bf4 Bf5 7.Qb3 Ra7 8.Nc3 Nbd7
9.h3 Bg7 10.e3 O-O 11.Be2 Ne4 12.O-O e5 13.Bh2 exd4 14.exd4 Ng5 15.Rad1 Ne6
16.Rfe1 Qf6 17.Bf1 g5 18.Bd6 Rd8 19.Ne5 Bf8 20.Bxf8 Kxf8 21.Qa4 Kg7 22.Nxd5 Ndxc5
23.dxc5 cxd5 24.c6 Be4 25.Ng4 Qe7 26.Rxe4 dxe4 27.Rxd8 b5 28.Qxe4 Nxd8 29.Qd4+ f6
30.Nxf6 Nxc6 31.Nh5+ Kg6 32.Qc3 Ne5 33.Ng3 Rc7 34.Qe3 Kf7 35.Ne4 h6 36.Be2 Nc4
37.Qd4 Ne5 38.Nd6+ Ke6 39.Ne4 Rc1+ 40.Kh2 Qc7 41.Ng3 Qc5 42.Qe4 Kd6 43.Qh7 Kd5
44.Qg8+ Kc6 45.Ne4 Qe7 46.Qc8+ Qc7 47.Qe6+ Kb7 48.Nd6+ Ka7 49.f4 Nd7 50.Bf3 Nb6
51.Qe4 gxf4 52.b3 Qg7 53.Nf5 Qc7 54.a4 bxa4 55.bxa4 Rc4 56.Qe6 Qd7 57.Qf6 Nxa4
58.Nd6 Rb4 59.Bg4 Qc7 60.Nc8+ Kb8 61.Nd6 Nb6 62.Ne8 Qc5 63.Nd6 Rb1 64.Qxf4 Qc7
65.Qf8+ Ka7 66.Qf4 a5 67.Nb5+  1-0

[Event "7th ch-Mediterranean"]
[Site "Rijeka CRO"]
[Date "2009.09.13"]
[Round "4"]
[White "Galego,L"]
[Black "Mona,K"]
[Result "1-0"]
[WhiteElo "2454"]
[BlackElo "2090"]

1.d4 d5 2.c4 c6 3.Nf3 Nf6 4.Nbd2 a6 5.g3 b5 6.b3 Bf5 7.Bg2 e6 8.O-O Be7 9.Bb2 O-O
10.Nh4 Bg4 11.h3 Bh5 12.g4 Nfd7 13.gxh5 Bxh4 14.e4 bxc4 15.bxc4 Nb6 16.c5 Nc8
17.Qg4 f5 18.exf5 exf5 19.Qe2 Re8 20.Qd3 Qg5 21.Nf3 Qxh5 22.Nxh4 Qxh4 23.Qxf5 g6
24.Bxd5+ Kh8 25.Bf7 Re2 26.d5+  1-0

[Event "TCh-ROU Superliga"]
[Site "Eforie Nord ROU"]
[Date "2009.09.21"]
[Round "3"]
[White "Doncea,V"]
[Black "Smeets,J"]
[Result "1-0"]
[WhiteElo "2492"]
[BlackElo "2642"]

1.d4 d5 2.Nf3 Nf6 3.c4 c6 4.Qc2 dxc4 5.e4 b5 6.b3 Bg4 7.bxc4 Bxf3 8.gxf3 Qxd4
9.Bb2 Qc5 10.Nd2 e6 11.e5 Nd5 12.Rc1 bxc4 13.Bxc4 Nd7 14.Rg1 g6 15.Ne4 Qa5+
16.Kf1 Bg7 17.Nd6+ Ke7 18.Nb7 Qb4 19.Rb1 Rhb8 20.Rg4 Qxb7 21.Ba3+ Nb4 22.Rxb4 Qxb4
23.Bxb4+ Rxb4 24.Bxe6 Rxg4 25.Bxg4 Bxe5 26.f4 Bg7 27.Qe4+ Kd8 28.Qxc6 Nb6
29.Bf3 Rc8 30.Qd6+ Nd7 31.Bc6 Rc7 32.Qd5 Ke7 33.a4 Nb6 34.Qe4+ Kd6 35.Bb5 Bc3
36.Qe8 f5 37.h4 Re7 38.Qd8+ Ke6 39.Kg2 Kf7 40.h5 gxh5 41.Qd3 Be1 42.Qxf5+ Kg8
43.Kf3 Bb4 44.Qg5+ Kf7 45.Qxh5+ Kg7 46.Qg5+ Kf7 47.Qh6 Kg8 48.Qg5+ Kf7 49.Bd3 Kf8
50.Bc2 Nd7 51.Bb3 Ke8 52.Qg8+ Nf8 53.Qc4  1-0

[Event "XingQiu Open"]
[Site "Lishui CHN"]
[Date "2009.09.21"]
[Round "5"]
[White "Jia Haoxiang"]
[Black "Li Hanbin"]
[Result "1/2-1/2"]
[WhiteElo "2349"]
[BlackElo "2291"]

1.d4 d5 2.c4 c6 3.Nf3 Nf6 4.Qc2 e6 5.e3 Nbd7 6.b3 Bd6 7.Bb2 Ne4 8.Bd3 f5
9.Ne5 Qa5+ 10.Kf1 O-O 11.f4 Ndf6 12.Bxe4 Nxe4 13.Nc3 Qd8 14.Nxe4 fxe4 15.a4 Qe7
16.g3 Bd7 17.Kg2 Rac8 18.Rhd1 Be8 19.Qe2 Rd8 20.h4 Bxe5 21.dxe5 c5 22.Rac1 Bc6
23.h5 h6 24.Bc3 b6 25.a5 Qb7  1/2-1/2

[Event "TCh-ROU Superliga"]
[Site "Eforie Nord ROU"]
[Date "2009.09.24"]
[Round "6"]
[White "Miron,L"]
[Black "Raceanu,V"]
[Result "1/2-1/2"]
[WhiteElo "2491"]
[BlackElo "2436"]

1.d4 d5 2.c4 c6 3.Nf3 Nf6 4.Qb3 e6 5.g3 Be7 6.Bg2 O-O 7.O-O b6 8.Bf4 Ba6
9.Nbd2 Nbd7 10.Rfd1 b5 11.c5 Nh5 12.e4 Nxf4 13.gxf4 Qc7 14.e5 f5 15.Ng5 Bxg5
16.fxg5 Rfb8 17.Bf1 Bc8 18.a4 bxa4 19.Qxa4 Rxb2 20.Nb3 Rb8 21.Na5 Bb7 22.Qa3 Ba8
23.Rd3 R2b4 24.Nb3 R8b7 25.Na5 Rb8 26.Nb3 R8b7 27.Nd2 Qb8 28.Qa6 Nf8 29.Nf3 Qe8
30.Rda3 Qd7 31.Qd3 Qc7 32.Qc3 Nd7 33.Rxa7 Rxa7 34.Rxa7 Qxa7 35.Qxb4 Bb7 36.Nd2 Ba8
37.Nb3 Kf7 38.Na5 Qb8 39.Qa4 Qa7 40.Qb4 Qb8 41.Qc3 Qd8 42.h4 Qb8 43.Nb3 Qd8
44.Nc1 Qb8 45.Qa5 Ke7 46.Nd3 Qd8 47.Qa6 Qb8 48.Nf4 Bb7 49.Qa5 Bc8 50.Nh5 h6
51.gxh6 gxh6 52.Qd2 Qb1 53.Qxh6 Ba6 54.Qg5+ Ke8 55.Qg8+ Ke7 56.Qg7+ Ke8 57.Qg6+ Ke7
58.Ng3 Bxf1 59.Nxf1 Qe4 60.Qg7+ Ke8 61.Qg6+ Ke7 62.Qg7+ Ke8 63.Qg6+ Ke7 64.Qg5+ Ke8
65.Qg7 Qxd4 66.h5 Nxe5 67.h6 Nf7 68.Nh2 Ne5  1/2-1/2

[Event "18th TCh-CRO"]
[Site "Sibenik CRO"]
[Date "2009.09.24"]
[Round "4"]
[White "Khenkin,I"]
[Black "Movsesian,S"]
[Result "1/2-1/2"]
[WhiteElo "2613"]
[BlackElo "2711"]

1.d4 d5 2.c4 c6 3.Nf3 Nf6 4.Qb3 dxc4 5.Qxc4 Bf5 6.g3 Nbd7 7.Bg2 e6 8.O-O Be7
9.Nc3 O-O 10.Re1 Bg6 11.e4 b5 12.Qxc6 b4 13.e5 Rc8 14.Qa6 bxc3 15.exf6 Nxf6
16.bxc3 Rxc3 17.Ne5 Qb6 18.Qxb6 axb6 19.d5 Bc5 20.dxe6 fxe6 21.Nxg6 hxg6
22.Be3 Bxe3 23.Rxe3 Rxe3 24.fxe3 Rc8 25.Rb1  1/2-1/2

[Event "TCh-ROU Superliga"]
[Site "Eforie Nord ROU"]
[Date "2009.09.25"]
[Round "7"]
[White "Voiteanu,G"]
[Black "Nanu,C"]
[Result "1/2-1/2"]
[WhiteElo "2248"]
[BlackElo "2500"]

1.d4 d5 2.c4 c6 3.Nf3 Nf6 4.Qc2 dxc4 5.Qxc4 Bg4 6.Nbd2 Nbd7 7.g3 e6 8.Bg2 Be7
9.O-O O-O 10.e4 Nb6 11.Qc2 a5 12.a4 Bb4 13.Nb3 Nbd7 14.Be3 Rc8 15.Nc5 Nxc5
16.dxc5 Bxf3 17.Bxf3 e5 18.Rfd1 Qe7 19.Rd3 Rcd8 20.Rad1 Rxd3 21.Rxd3 Rd8
22.Bd2 Rxd3 23.Qxd3 Qd7 24.Qxd7 Nxd7 25.Be3 Bxc5 26.Bg4 Nf6 27.Bxc5 Nxg4
28.Bb6 Nf6 29.f3 Nd7 30.Bxa5 Nc5 31.Bc3 f6 32.a5 Kf7 33.Kf2 h5 34.Ke3 g5
35.f4 exf4+ 36.gxf4 Na4 37.fxg5 fxg5 38.Bd4 c5 39.Bh8 c4 40.Bd4 Ke6 41.Kf3 Kd6
42.Bf6 Ke6 43.Bd4 Kd6 44.Bf6 Ke6 45.Bd4  1/2-1/2

[Event "Galicia Festival Blitz"]
[Site "Ourense ESP"]
[Date "2009.09.26"]
[Round "7"]
[White "Epishin,V"]
[Black "Sedina,E"]
[Result "1-0"]
[WhiteElo "2590"]
[BlackElo "2335"]

1.d4 d5 2.Nf3 Nf6 3.c4 c6 4.Qb3 dxc4 5.Qxc4 Bf5 6.g3 e6 7.Bg2 Nbd7 8.O-O Be7
9.Bd2 O-O 10.Rd1 Rc8 11.b4 Qc7 12.a3 e5 13.dxe5 Nxe5 14.Nxe5 Qxe5 15.Nc3 Be6
16.Qf4 Qxf4 17.Bxf4 Rfd8 18.Be3 a6 19.Bb6 Re8 20.Bd4 h6 21.e3 Red8 22.Rab1 Bf5
23.Rbc1 Be6 24.Bb6 Re8 25.Ne2 Nd7 26.Bd4 Bf6 27.Bxf6 Nxf6 28.Nd4 Bd5 29.Bxd5 Nxd5
30.Nb3 Re7 31.Na5 h5 32.Rxd5 Rce8 33.Rxh5 g6 34.Rh4 Kg7 35.Rd4  1-0

[Event "TCh-ISL 2009-10"]
[Site "Rekjavik ISL"]
[Date "2009.09.26"]
[Round "2"]
[White "Asbjornsson,I"]
[Black "Kristinsson,Bj"]
[Result "0-1"]
[WhiteElo "2030"]
[BlackElo "2018"]

1.d4 d5 2.Nf3 Nf6 3.c4 c6 4.g3 Bf5 5.Bg2 e6 6.O-O Bd6 7.b3 h6 8.Bb2 Nbd7
9.Nbd2 O-O 10.Ne5 Bxe5 11.dxe5 Ng4 12.Nf3 Be4 13.Re1 Qb6 14.c5 Qc7 15.Qd4 h5
16.h3 Nh6 17.Nh4 Bxg2 18.Kxg2 b6 19.b4 bxc5 20.bxc5 Rfb8 21.e4 Rb5 22.Rac1 Rab8
23.Ba3 Qxe5 24.Qa4 Qc7 25.Qd1 g6 26.exd5 cxd5 27.Qc2 Ne5 28.Rb1 Nc4 29.Rxb5 Rxb5
30.Qa4 Nxa3 31.Qxa3 Qxc5 32.Qd3 Rb2 33.Rf1 Kg7  0-1